[Event "2nd 4NCL Spring Bank Holiday Congress"]
[Site "Basingstoke"]
[Date "2019.05.26"]
[Round "4.7"]
[White "Zakarian, David"]
[Black "Tambini, Jasper"]
[Result "1-0"]
[WhiteElo "2341"]
[BlackElo "2066"]
[PlyCount "45"]
[EventDate "2019.05.24"]

1. e4 e5 2. f4 exf4 3. Bc4 d5 4. Bxd5 Nf6 5. Nf3 Nxd5 6. exd5 Bd6 7. Qe2+ Qe7
8. Qxe7+ Kxe7 9. d4 c6 10. c4 cxd5 11. c5 Bc7 12. Nc3 Be6 13. Nb5 Rc8 14. Nxc7
Rxc7 15. Bxf4 Rc8 16. Bd6+ Kd8 17. Ng5 Nc6 18. O-O Nxd4 19. Nxf7+ Bxf7 20. Rxf7
Ne6 21. Re1 Ng5 22. Rxg7 Ne4 23. Rf1 1-0

[Event "2nd 4NCL Spring Bank Holiday Congress"]
[Site "Basingstoke"]
[Date "2019.05.26"]
[Round "4.8"]
[White "Siddharth, Jagadeesh"]
[Black "Bhatia, Kanwal K"]
[Result "1-0"]
[WhiteElo "2282"]
[BlackElo "2046"]
[PlyCount "79"]
[EventDate "2019.05.24"]

1. d4 d5 2. c4 e6 3. Nf3 c5 4. cxd5 exd5 5. Nc3 Nf6 6. g3 Nc6 7. Bg2 Be7 8. O-O
O-O 9. Bg5 c4 10. Ne5 Be6 11. Nxc6 bxc6 12. b3 Qa5 13. Qd2 Qa6 14. bxc4 dxc4
15. Qc2 h6 16. Bxf6 Bxf6 17. e3 Rfd8 18. Rfc1 Rac8 19. Rab1 Rc7 20. Ne4 Be7 21.
Bf1 Qc8 22. Bxc4 Bf5 23. Bd3 Bg6 24. Nc5 Bxc5 25. Bxg6 Ba3 26. Bf5 Qa6 27. Rd1
g6 28. Bd3 Qc8 29. Bxg6 fxg6 30. Qb3+ Rf7 31. Qxa3 Qf5 32. Rf1 Rdf8 33. Rbc1
Qe4 34. Qd6 Rf6 35. Qe5 Qf3 36. Rc2 Kh7 37. Rb2 R8f7 38. Rb8 Rf8 39. Rxf8 Rxf8
40. e4 1-0

[Event "2nd 4NCL Spring Bank Holiday Congress"]
[Site "Basingstoke"]
[Date "2019.05.26"]
[Round "4.9"]
[White "Okhai, Shabir"]
[Black "Merriman, John"]
[Result "1/2-1/2"]
[WhiteElo "2082"]
[BlackElo "2225"]
[PlyCount "65"]
[EventDate "2019.05.24"]

1. e4 e6 2. d4 d5 3. Nc3 Nf6 4. e5 Nfd7 5. f4 c5 6. Nf3 Nc6 7. Be3 a6 8. Qd2 b5
9. dxc5 Bxc5 10. Bd3 Qb6 11. Bf2 O-O 12. O-O f6 13. exf6 Nxf6 14. Rae1 Bd7 15.
h3 Nh5 16. Ne2 e5 17. Ng5 Nxf4 18. Bxh7+ Kh8 19. Nxf4 Rxf4 20. Bxc5 Qxc5+ 21.
Kh1 Raf8 22. Rxf4 Rxf4 23. Qe2 Rh4 24. Bg6 Kg8 25. Qf3 Rf4 26. Qh5 Qf2 27. Qh7+
Kf8 28. Qh8+ Ke7 29. Qxg7+ Kd6 30. Rd1 Rd4 31. Rxd4 Qxd4 32. Qf8+ Kc7 33. Qf7
1/2-1/2

[Event "2nd 4NCL Spring Bank Holiday Congress"]
[Site "Basingstoke"]
[Date "2019.05.26"]
[Round "4.10"]
[White "Kett, Timothy J"]
[Black "Goh, Zi Han"]
[Result "1-0"]
[WhiteElo "2208"]
[BlackElo "1912"]
[PlyCount "97"]
[EventDate "2019.05.24"]

1. e4 c5 2. Nc3 d6 3. g3 Nc6 4. Bg2 g6 5. d3 Bg7 6. Nge2 Rb8 7. O-O b5 8. a3 a5
9. a4 b4 10. Nd5 e6 11. Ne3 Nge7 12. f4 f5 13. g4 Nd4 14. Ng3 Bd7 15. gxf5 exf5
16. exf5 Ndxf5 17. Nexf5 Nxf5 18. Re1+ Kf8 19. Bd5 Bd4+ 20. Kh1 Qh4 21. Qf3 Kg7
22. Bd2 Nxg3+ 23. Qxg3 Bf2 24. Qxh4 Bxh4 25. Re2 Rbe8 26. Rxe8 Rxe8 27. Bf3 Bf6
28. c3 bxc3 29. bxc3 Rb8 30. Ra2 Bh3 31. Kg1 Bh4 32. Rc2 Rb1+ 33. Rc1 Rb2 34.
Be1 Bf6 35. c4 Bd4+ 36. Kh1 Ra2 37. Bxa5 Be3 38. Bc3+ Kh6 39. Ra1 Rf2 40. Be4
Bxf4 41. a5 Rxh2+ 42. Kg1 Bc8 43. a6 Bxa6 44. Rxa6 Rc2 45. Bf6 Be3+ 46. Kh1 Rf2
47. Rxd6 Rd2 48. Rd5 Ra2 49. Be7 1-0

[Event "2nd 4NCL Spring Bank Holiday Congress"]
[Site "Basingstoke"]
[Date "2019.05.26"]
[Round "4.11"]
[White "Ogunshola, Olugbemiga (Ben)"]
[Black "Jones, Steven A"]
[Result "1-0"]
[WhiteElo "2184"]
[BlackElo "2128"]
[PlyCount "59"]
[EventDate "2019.05.24"]

1. c4 e5 2. Nc3 Nf6 3. Nf3 Nc6 4. d3 d5 5. cxd5 Nxd5 6. e4 Nf6 7. h3 Be6 8. Be3
Be7 9. Be2 O-O 10. O-O Re8 11. Qc1 Bf8 12. Ng5 Nd4 13. Bd1 Bc8 14. Ne2 h6 15.
Bxd4 hxg5 16. Be3 g4 17. hxg4 Nxg4 18. Ng3 Nxe3 19. Qxe3 b6 20. Ba4 Bc5 21. Qf3
Re6 22. Nf5 Rf6 23. Bb3 Bxf5 24. exf5 Rh6 25. g3 Rb8 26. Kg2 Qd4 27. Rh1 e4 28.
dxe4 Rxh1 29. Rxh1 Qxb2 30. Rh8+ 1-0

[Event "2nd 4NCL Spring Bank Holiday Congress"]
[Site "Basingstoke"]
[Date "2019.05.26"]
[Round "4.12"]
[White "Gibson, Christopher A"]
[Black "Mladek, Richard"]
[Result "0-1"]
[WhiteElo "1846"]
[BlackElo "2268"]
[PlyCount "72"]
[EventDate "2019.05.24"]

1. e4 c5 2. Nf3 d6 3. d4 cxd4 4. Nxd4 Nf6 5. Nc3 a6 6. Be2 e5 7. Nb3 Be7 8. Be3
O-O 9. O-O Qc7 10. a4 Be6 11. Qd2 Nbd7 12. a5 Rac8 13. Rfc1 Kh8 14. f3 Nc5 15.
Nxc5 dxc5 16. Nd5 Bxd5 17. exd5 Ne8 18. c4 f5 19. Re1 Rf6 20. Bd3 Bd6 21. Bg5
Rf7 22. Kh1 h6 23. Bh4 g5 24. Bg3 Ng7 25. h3 Re8 26. Re2 Nh5 27. Bf2 e4 28.
fxe4 fxe4 29. Bc2 Rxf2 30. Rxf2 Ng3+ 31. Kg1 e3 32. Qc3+ Kg8 33. Rf6 Ne2+ 34.
Kh1 Nxc3 35. Rg6+ Kf7 36. Rf1+ Bf4 0-1

[Event "2nd 4NCL Spring Bank Holiday Congress"]
[Site "Basingstoke"]
[Date "2019.05.26"]
[Round "4.13"]
[White "Brown, Tom"]
[Black "Goodger, Martyn"]
[Result "0-1"]
[WhiteElo "2086"]
[BlackElo "2043"]
[PlyCount "76"]
[EventDate "2019.05.24"]

1. d4 e6 2. Nf3 f5 3. g3 Nf6 4. Bg2 d5 5. c4 c6 6. Nc3 Bd6 7. Rb1 a5 8. O-O O-O
9. Ne5 b6 10. Qc2 Qc7 11. b3 Na6 12. cxd5 exd5 13. Bb2 Be6 14. Rbc1 Rac8 15.
Qb1 Qb7 16. a3 Ne4 17. Qd3 Bxe5 18. dxe5 Nac5 19. Qd1 Nxc3 20. Bxc3 d4 21. Qxd4
Nxb3 22. Qd6 Nc5 23. Rfd1 Rf7 24. Bd4 Rd7 25. Bxc5 Rxd6 26. Bxd6 Bd5 27. Rxd5
cxd5 28. Rxc8+ Qxc8 29. Bxd5+ Kh8 30. e6 Qe8 31. e7 b5 32. h4 h5 33. Kg2 Kh7
34. Kf3 Kg6 35. Ke3 Kf6 36. Kd4 Qc8 37. e3 g6 38. Bb7 Qc4# 0-1

[Event "2nd 4NCL Spring Bank Holiday Congress"]
[Site "Basingstoke"]
[Date "2019.05.26"]
[Round "4.14"]
[White "Purdon, Colin"]
[Black "Royal, Shreyas"]
[Result "0-1"]
[WhiteElo "2055"]
[BlackElo "1993"]
[PlyCount "84"]
[EventDate "2019.05.24"]

1. d4 Nf6 2. c4 g6 3. Nc3 Bg7 4. e4 d6 5. Nf3 O-O 6. h3 e5 7. d5 Nh5 8. g3 Na6
9. Bg2 f5 10. exf5 gxf5 11. Ng5 Nf6 12. g4 e4 13. gxf5 Bxf5 14. Be3 Nb4 15. O-O
Qe7 16. Qd2 Nd3 17. f3 exf3 18. Rxf3 Ne5 19. Rf4 Nh5 20. Rh4 Bg6 21. Rd4 Rae8
22. Bf2 h6 23. Ne6 Nf3+ 24. Bxf3 Rxf3 25. Nxg7 Qxg7 26. Rg4 Kh7 27. Bd4 Qf7 28.
Qg2 Rf8 29. Re1 Rd3 30. Re3 Rxe3 31. Bxe3 Bf5 32. Kh2 Bxg4 33. hxg4 Nf6 34. Ne4
Nxe4 35. Qxe4+ Qg6 36. Qxg6+ Kxg6 37. Kg3 b6 38. b4 Rf1 39. a4 Rb1 40. c5 Rxb4
41. cxd6 cxd6 42. a5 bxa5 0-1

[Event "2nd 4NCL Spring Bank Holiday Congress"]
[Site "Basingstoke"]
[Date "2019.05.26"]
[Round "4.15"]
[White "Xian, Junhao"]
[Black "Lubarto, Michael"]
[Result "1-0"]
[WhiteElo "2044"]
[BlackElo "1883"]
[PlyCount "69"]
[EventDate "2019.05.24"]

1. d4 Nf6 2. c4 g6 3. Nc3 Bg7 4. e4 d6 5. Be2 O-O 6. Nf3 e5 7. d5 Na6 8. Be3
Ng4 9. Bg5 f6 10. Bh4 g5 11. Bg3 h5 12. Nd2 f5 13. exf5 Nh6 14. Bxh5 Nxf5 15.
Nde4 Nd4 16. Rc1 Nc5 17. Nxc5 dxc5 18. Ne4 Bf5 19. Nxc5 c6 20. Ne6 Bxe6 21.
dxe6 Nxe6 22. O-O Nf4 23. Bf3 Qb6 24. Be4 Rad8 25. Qg4 Rd4 26. Rce1 Rf6 27.
Qxg5 Qc5 28. Bb1 Qxc4 29. Qxe5 Nxg2 30. Kxg2 Rxf2+ 31. Rxf2 Bxe5 32. Rxe5 Rd5
33. Re8+ Kg7 34. Re7+ Kg8 35. Bh7+ 1-0

[Event "2nd 4NCL Spring Bank Holiday Congress"]
[Site "Basingstoke"]
[Date "2019.05.26"]
[Round "4.16"]
[White "Tyomkyn, Mikhail"]
[Black "Skettos, Nicolas"]
[Result "1/2-1/2"]
[WhiteElo "2153"]
[BlackElo "1830"]
[PlyCount "49"]
[EventDate "2019.05.24"]

1. Nf3 Nf6 2. c4 b6 3. d4 e6 4. g3 Ba6 5. Qb3 Nc6 6. Nbd2 Na5 7. Qc3 c5 8. dxc5
bxc5 9. e4 d6 10. e5 dxe5 11. Bg2 Bb7 12. O-O Bd6 13. Nxe5 Bxg2 14. Kxg2 Qc7
15. Re1 Nc6 16. Nxc6 Qxc6+ 17. Qf3 Qxf3+ 18. Nxf3 O-O 19. Bg5 Rab8 20. Rad1
Rfd8 21. b3 Bc7 22. Rxd8+ Rxd8 23. Ne5 h6 24. Bxf6 gxf6 25. Nf3 1/2-1/2

[Event "2nd 4NCL Spring Bank Holiday Congress"]
[Site "Basingstoke"]
[Date "2019.05.26"]
[Round "4.17"]
[White "Moore, Gerald"]
[Black "Jaufarally, Nadia"]
[Result "1/2-1/2"]
[WhiteElo "2057"]
[BlackElo "1945"]
[PlyCount "51"]
[EventDate "2019.05.24"]

1. Nf3 Nf6 2. c4 g6 3. Nc3 Bg7 4. e4 d6 5. d4 O-O 6. Be2 e5 7. d5 Na6 8. O-O
Nc5 9. Nd2 a5 10. Rb1 Bh6 11. Qc2 Nfd7 12. Bg4 f5 13. exf5 Nb6 14. Nde4 Bxc1
15. Nxc5 dxc5 16. Rbxc1 gxf5 17. Be2 Qf6 18. f4 e4 19. Rcd1 Bd7 20. Rd2 Nc8 21.
Nd1 Nd6 22. Ne3 Kh8 23. b3 Rg8 24. Qb2 Qxb2 25. Rxb2 Rg7 26. Kf2 1/2-1/2

[Event "2nd 4NCL Spring Bank Holiday Congress"]
[Site "Basingstoke"]
[Date "2019.05.26"]
[Round "4.18"]
[White "Chapman, Matt"]
[Black "Freeland, Alexander"]
[Result "1-0"]
[WhiteElo "1961"]
[BlackElo "2046"]
[PlyCount "37"]
[EventDate "2019.05.24"]

1. e4 e6 2. d4 d5 3. Nd2 c5 4. exd5 Qxd5 5. Ngf3 cxd4 6. Bc4 Qd6 7. O-O Nf6 8.
Nb3 Nc6 9. Nbxd4 Nxd4 10. Nxd4 a6 11. Re1 Qc7 12. Qe2 h6 13. Nf5 b5 14. Bb3 Qc5
15. Qf3 Rb8 16. Be3 Qb4 17. Rad1 Bb7 18. Qg3 Rc8 19. Bxe6 1-0

[Event "2nd 4NCL Spring Bank Holiday Congress"]
[Site "Basingstoke"]
[Date "2019.05.26"]
[Round "4.19"]
[White "Chakanyuka, Charles"]
[Black "Ther, Mate"]
[Result "0-1"]
[WhiteElo "2034"]
[BlackElo "1935"]
[PlyCount "112"]
[EventDate "2019.05.24"]

1. c4 e5 2. Nc3 d6 3. d3 f5 4. g3 Nf6 5. Bg2 c6 6. Nf3 g6 7. c5 e4 8. dxe4 fxe4
9. Ng5 d5 10. Be3 Bg7 11. Bd4 O-O 12. O-O Bf5 13. f3 exf3 14. exf3 Nfd7 15.
Bxg7 Kxg7 16. f4 h6 17. Nf3 Qf6 18. Rc1 Na6 19. Na4 Nb4 20. Qd2 Na6 21. Rfe1
Nc7 22. Nd4 Rfe8 23. b4 Ne6 24. Nf3 Be4 25. Rcd1 Rad8 26. Nc3 Bxf3 27. Bxf3 Nd4
28. Bg2 Nf5 29. Bh3 Nf8 30. Bxf5 Qxf5 31. Ne2 Ne6 32. Nd4 Nxd4 33. Qxd4+ Qf6
34. Qd2 Kf7 35. Re5 Re7 36. Rxe7+ Kxe7 37. Re1+ Kf7 38. Qe3 d4 39. Qb3+ Kg7 40.
Qd3 Kf8 41. Re4 Qf5 42. Kf2 Qd5 43. Re2 Kf7 44. Kg1 b6 45. cxb6 axb6 46. f5
gxf5 47. Rf2 Kg6 48. g4 Rf8 49. Qh3 f4 50. Qd3+ Kg7 51. Re2 Rf7 52. h3 c5 53.
bxc5 bxc5 54. Qa6 f3 55. Rf2 Qe5 56. Qc6 Qe1+ 0-1

[Event "2nd 4NCL Spring Bank Holiday Congress"]
[Site "Basingstoke"]
[Date "2019.05.26"]
[Round "4.20"]
[White "Jamroz, Krzysztof"]
[Black "Voiculescu-Holvad, Stefan"]
[Result "1-0"]
[WhiteElo "1971"]
[BlackElo "1640"]
[PlyCount "85"]
[EventDate "2019.05.24"]

1. e4 e6 2. d4 d5 3. Bd3 Nf6 4. e5 Nfd7 5. Nf3 c5 6. c3 Nc6 7. O-O Qb6 8. Bc2
f6 9. Re1 Be7 10. Qe2 O-O 11. dxc5 Bxc5 12. b4 Be7 13. Be3 Qc7 14. exf6 Nxf6
15. Bg5 Ng4 16. Bxe7 Nxe7 17. Bxh7+ Kxh7 18. Ng5+ Kg8 19. Qxg4 Qb6 20. Qh4 Rf6
21. Qh7+ Kf8 22. Qh8+ Ng8 23. Nh7+ Kf7 24. Nxf6 Nxf6 25. Nd2 Qc7 26. Rac1 b5
27. Nf3 Ne4 28. Qh5+ Kg8 29. Ng5 Nxg5 30. Qxg5 Bd7 31. Qe5 Qb6 32. Re3 Rf8 33.
Qd4 Qc7 34. Rg3 Bc8 35. Re1 Rf4 36. Rxg7+ Qxg7 37. Qxf4 Bd7 38. Re3 Qf7 39.
Rg3+ Kf8 40. Qh6+ Ke8 41. Qh8+ Ke7 42. Rg7 Be8 43. h4 1-0

[Event "2nd 4NCL Spring Bank Holiday Congress"]
[Site "Basingstoke"]
[Date "2019.05.26"]
[Round "4.21"]
[White "Zhu, Yaoyao"]
[Black "Akeya-Price, Robert A"]
[Result "0-1"]
[WhiteElo "1839"]
[BlackElo "1962"]
[PlyCount "54"]
[EventDate "2019.05.24"]

1. e4 c6 2. Nf3 d5 3. Nc3 Bg4 4. h3 Bxf3 5. Qxf3 e6 6. d4 Nf6 7. Bd3 Be7 8. e5
Nfd7 9. Qg4 g6 10. Ne2 c5 11. c3 Nc6 12. O-O Qb6 13. Rd1 h5 14. Qg3 cxd4 15.
cxd4 Nxd4 16. Nc3 Nc6 17. Re1 h4 18. Qf4 g5 19. Qa4 O-O-O 20. Bb5 Ndxe5 21.
Bxc6 Nxc6 22. Qg4 Rhg8 23. b3 Qd4 24. Qf3 Qf6 25. Qd3 g4 26. Bb2 Qg6 27. Qxg6
Rxg6 0-1

[Event "2nd 4NCL Spring Bank Holiday Congress"]
[Site "Basingstoke"]
[Date "2019.05.26"]
[Round "4.22"]
[White "Nettleton, Charlie B"]
[Black "Forster, Matthew"]
[Result "1-0"]
[WhiteElo "2064"]
[BlackElo "1861"]
[PlyCount "145"]
[EventDate "2019.05.24"]

1. d4 d5 2. c4 dxc4 3. e3 Nf6 4. Bxc4 e6 5. Nf3 a6 6. O-O b5 7. Be2 Bb7 8. a4
b4 9. Nbd2 c5 10. b3 Nbd7 11. Bb2 Be7 12. Nc4 O-O 13. Rc1 Rc8 14. Nfe5 Nxe5 15.
dxe5 Nd5 16. Bd3 f5 17. exf6 Nxf6 18. Ne5 Bd6 19. Bc4 Qe7 20. Qe2 Ra8 21. Rfd1
Nd5 22. Qg4 Rf5 23. Bxd5 Bxd5 24. Rxd5 Rg5 25. Nc6 Rxg4 26. Nxe7+ Bxe7 27. Rd7
Bf8 28. f3 Rg5 29. e4 Rc8 30. Rc4 h5 31. Kf2 h4 32. f4 Rg6 33. Kf3 Kh7 34. Bc1
e5 35. f5 Rd6 36. Rxd6 Bxd6 37. Bg5 h3 38. g4 Rc6 39. Ke2 Bf8 40. Be3 g6 41. g5
Kg8 42. Rc1 Rc7 43. f6 Kf7 44. Kd3 Ke6 45. Kc4 Rh7 46. Re1 Rh5 47. Re2 Rh4 48.
Bxc5 Bxc5 49. Kxc5 Rg4 50. Rf2 Kf7 51. Kb6 Rxg5 52. Kxa6 Rg2 53. Rf3 Rxh2 54.
Kb6 g5 55. Rg3 Kxf6 56. a5 Rh1 57. a6 h2 58. Rg2 Ra1 59. Rxh2 g4 60. Rh5 g3 61.
Rf5+ Kg6 62. Rf8 Kg5 63. a7 g2 64. Rg8+ Kf4 65. Rxg2 Kxe4 66. Rg4+ Kf3 67. Rxb4
Ra3 68. Ra4 Rxb3+ 69. Kc7 Rc3+ 70. Kd7 Rd3+ 71. Ke7 e4 72. a8=Q Re3 73. Qf8+
1-0

[Event "2nd 4NCL Spring Bank Holiday Congress"]
[Site "Basingstoke"]
[Date "2019.05.26"]
[Round "4.23"]
[White "Jukes, Sam"]
[Black "Tart, Peter K"]
[Result "1-0"]
[WhiteElo "1860"]
[BlackElo "1944"]
[PlyCount "87"]
[EventDate "2019.05.24"]

1. e4 e5 2. Nf3 Nf6 3. Nxe5 Nxe4 4. Qe2 Qe7 5. Qxe4 d6 6. d4 dxe5 7. Qxe5 Qxe5+
8. dxe5 Nc6 9. Bb5 Bd7 10. Bxc6 Bxc6 11. O-O O-O-O 12. Be3 f6 13. exf6 gxf6 14.
Nd2 Rg8 15. g3 f5 16. Rad1 Bb5 17. Rfe1 Bg7 18. c3 Rd7 19. Nb3 b6 20. Rxd7 Bxd7
21. Bd4 c5 22. Bxg7 Rxg7 23. f4 h5 24. Nd2 h4 25. Re3 Bc6 26. Nc4 Kc7 27. Ne5
Be4 28. g4 Bb1 29. Re1 Bxa2 30. Ra1 Bd5 31. Rxa7+ Bb7 32. g5 Rg8 33. Kf2 Rd8
34. Ke2 b5 35. Ra1 Kb6 36. Rd1 Ra8 37. g6 b4 38. g7 Rg8 39. Nd7+ Kc7 40. Nf6
bxc3 41. Nxg8 cxb2 42. Nf6 Ba6+ 43. Kd2 Bc4 44. g8=Q 1-0

[Event "2nd 4NCL Spring Bank Holiday Congress"]
[Site "Basingstoke"]
[Date "2019.05.26"]
[Round "4.24"]
[White "Ross, Stuart"]
[Black "Woltery, Nicolai"]
[Result "0-1"]
[WhiteElo "1599"]
[BlackElo "1899"]
[PlyCount "102"]
[EventDate "2019.05.24"]

1. e4 c5 2. Nf3 Nc6 3. d4 cxd4 4. Nxd4 g6 5. c4 Bg7 6. Be3 Nf6 7. Nc3 O-O 8.
Be2 d6 9. O-O Bd7 10. Qd2 Nxd4 11. Bxd4 Be6 12. f3 Nd7 13. Be3 a5 14. Rac1 Nc5
15. b3 Qb6 16. Nd5 Bxd5 17. cxd5 Qb4 18. Rc4 Qxd2 19. Bxd2 Rfb8 20. Be3 b5 21.
Rc2 b4 22. Rd1 Bc3 23. Bd4 Bxd4+ 24. Rxd4 a4 25. bxa4 Nxa4 26. Bc4 Rb7 27. Bb3
Nc3 28. Rc4 Kf8 29. a3 Rxa3 30. Rb2 Ra1+ 31. Kf2 Rb1 32. Rxb1 Nxb1 33. Ke3 Na3
34. Rc8+ Kg7 35. Kd2 h5 36. Kc1 Nb5 37. Kb2 Nd4 38. Rc4 Ne2 39. g3 Ng1 40. Bd1
Nh3 41. Kb3 Ra7 42. Kxb4 Ra1 43. Bb3 Rh1 44. Rc2 Ng5 45. Rf2 Kf6 46. h4 Nh3 47.
Re2 Rg1 48. g4 hxg4 49. fxg4 Rxg4 50. Bc2 Rxh4 51. Rh2 g5 0-1

[Event "2nd 4NCL Spring Bank Holiday Congress"]
[Site "Basingstoke"]
[Date "2019.05.26"]
[Round "4.25"]
[White "Simpson, Derek"]
[Black "Chilton, James I"]
[Result "0-1"]
[WhiteElo "1655"]
[BlackElo "1728"]
[PlyCount "20"]
[EventDate "2019.05.24"]

1. e4 c5 2. d3 Nc6 3. g3 Nf6 4. Bg2 e6 5. f4 d5 6. Nd2 Qb6 7. c3 Be7 8. Ngf3 c4
9. e5 Ng4 10. Nf1 Qf2# 0-1

[Event "2nd 4NCL Spring Bank Holiday Congress"]
[Site "Basingstoke"]
[Date "2019.05.25"]
[Round "3.1"]
[White "Jackson, James P"]
[Black "Harvey, Marcus R"]
[Result "1-0"]
[WhiteElo "2388"]
[BlackElo "2412"]
[PlyCount "61"]
[EventDate "2019.05.24"]

1. e4 e6 2. d4 d5 3. Nc3 Nf6 4. e5 Nfd7 5. Nce2 c5 6. c3 Nc6 7. Nf3 b5 8. Nf4
Qb6 9. Be3 cxd4 10. cxd4 Bb4+ 11. Bd2 Be7 12. Be3 Ba6 13. Bd3 b4 14. h4 Bxd3
15. Qxd3 Na5 16. b3 Rc8 17. Rc1 Rxc1+ 18. Bxc1 O-O 19. Ng5 g6 20. Nxh7 Qc7 21.
Bd2 Nxe5 22. dxe5 Qxe5+ 23. Kf1 Kxh7 24. h5 Kg8 25. hxg6 Bg5 26. Qh3 Kg7 27.
Qh7+ Kf6 28. g7 Rc8 29. Qh8 Rg8 30. Qxg8 Bxf4 31. Qh8 1-0

[Event "2nd 4NCL Spring Bank Holiday Congress"]
[Site "Basingstoke"]
[Date "2019.05.25"]
[Round "3.2"]
[White "Eggleston, David J"]
[Black "Okhai, Shabir"]
[Result "1-0"]
[WhiteElo "2397"]
[BlackElo "2082"]
[PlyCount "113"]
[EventDate "2019.05.24"]

1. e4 e5 2. Nf3 Nc6 3. Bc4 Bc5 4. c3 Nf6 5. d3 d6 6. b4 Bb6 7. a4 a6 8. O-O h6
9. Nbd2 Bg4 10. Re1 Qd7 11. Bb3 Ne7 12. Nf1 Ng6 13. h3 Be6 14. Bxe6 fxe6 15. d4
exd4 16. cxd4 O-O 17. Ng3 Rae8 18. Qc2 e5 19. Be3 Nh7 20. Nf5 exd4 21. N3xd4
Nf6 22. Ng3 Qf7 23. a5 Bxd4 24. Bxd4 Ne5 25. Rac1 Nc6 26. Bc3 Qg6 27. b5 axb5
28. Qb3+ Kh7 29. Qxb5 Nd8 30. Qb1 c6 31. Nf5 Nh5 32. Bd2 Re5 33. Qd3 Nf7 34.
Rb1 Rb8 35. Kh2 Ree8 36. g4 Ne5 37. Qe2 Nf6 38. f4 Nexg4+ 39. hxg4 Nxg4+ 40.
Kh3 h5 41. Ng3 Qf7 42. f5 d5 43. Qf3 Rbd8 44. e5 Rxe5 45. Rxe5 Nxe5 46. Qxh5+
Qxh5+ 47. Nxh5 Rd7 48. f6 g6 49. Nf4 g5 50. Ne6 Rd6 51. Nxg5+ Kg6 52. f7 Nxf7
53. Nxf7 Kxf7 54. Rxb7+ Ke6 55. a6 c5 56. a7 Ra6 57. Rb6+ 1-0

[Event "2nd 4NCL Spring Bank Holiday Congress"]
[Site "Basingstoke"]
[Date "2019.05.25"]
[Round "3.3"]
[White "Bukojemski, Adam"]
[Black "Siddharth, Jagadeesh"]
[Result "1-0"]
[WhiteElo "2182"]
[BlackElo "2282"]
[PlyCount "119"]
[EventDate "2019.05.24"]

1. e4 c5 2. Nf3 Nc6 3. d4 cxd4 4. Nxd4 Nf6 5. Nc3 e5 6. Ndb5 d6 7. a4 a6 8. Na3
Be6 9. Bg5 Be7 10. Nc4 Nd4 11. Bxf6 Bxf6 12. Nd5 Bxd5 13. exd5 Nf5 14. a5 Rc8
15. Ra3 O-O 16. Rb3 Qe7 17. c3 Rc5 18. Be2 Qc7 19. O-O Rxc4 20. Bxc4 Qxc4 21.
Rxb7 Ne7 22. Qb3 Qe4 23. Rb4 Qd3 24. Qd1 Qf5 25. Qb1 Qc8 26. Qd3 Qc5 27. Qxa6
Qxd5 28. Qb5 Qa8 29. a6 Nd5 30. Rc4 Rb8 31. Qc6 Nb6 32. Qxa8 Rxa8 33. Rc6 Rxa6
34. Rxd6 Be7 35. Rc6 Bd8 36. Rd1 Ra8 37. Kf1 Kf8 38. Rxd8+ Rxd8 39. Rxb6 Rd2
40. Rb7 Rc2 41. g4 g6 42. g5 e4 43. Rb4 e3 44. fxe3 Rxh2 45. c4 Rc2 46. b3 Ke7
47. Rb6 Kf8 48. Rb7 Kg7 49. Rb5 Kf8 50. c5 Ke7 51. b4 Ke6 52. Rb7 Rc4 53. Ke2
Rg4 54. c6 Rxg5 55. b5 Rc5 56. c7 Kd7 57. b6 Rc2+ 58. Kf3 h5 59. Rb8 h4 60.
Rd8+ 1-0

[Event "2nd 4NCL Spring Bank Holiday Congress"]
[Site "Basingstoke"]
[Date "2019.05.25"]
[Round "3.4"]
[White "Verma, Aditya"]
[Black "Merry, Alan B"]
[Result "1/2-1/2"]
[WhiteElo "2103"]
[BlackElo "2440"]
[PlyCount "134"]
[EventDate "2019.05.24"]

1. e4 c6 2. d4 d5 3. e5 Bf5 4. Nc3 e6 5. g4 Bg6 6. Nge2 c5 7. h4 h5 8. Nf4 Nc6
9. Nxg6 fxg6 10. Be3 cxd4 11. Bxd4 a6 12. Ne2 Nge7 13. Nf4 Nxd4 14. Qxd4 Nc6
15. Qe3 d4 16. Qb3 Qa5+ 17. Kd1 O-O-O 18. Bg2 Qxe5 19. Nxg6 Qf6 20. Bxc6 bxc6
21. Nxh8 hxg4 22. Qd3 Qxf2 23. Rf1 Qg2 24. Qxa6+ Kc7 25. Qa5+ Kc8 26. Qa8+ Kd7
27. Qb7+ Kd6 28. Nf7+ Kd5 29. Qb3+ Kc5 30. Qd3 Rd5 31. a4 g3 32. b4+ Kb6 33.
a5+ Ka7 34. Ng5 Bxb4 35. Rb1 Rb5 36. Ne4 Qh3 37. Nxg3 Qxh4 38. Ne2 Rf5 39. Rg1
Bf8 40. a6 Ka8 41. Ra1 Qf6 42. Qe4 e5 43. Nxd4 exd4 44. Qe8+ Ka7 45. Qd7+ Kb6
46. Qb7+ Kc5 47. Ra5+ Kd6 48. Qb8+ Kd7 49. Qa7+ Kc8 50. Qb7+ Kd8 51. Qb6+ Kd7
52. Rxf5 Qxf5 53. Qxd4+ Kc7 54. Qd3 Qh5+ 55. Kc1 Qa5 56. Rf1 Qa1+ 57. Kd2 Bb4+
58. Ke2 Qe5+ 59. Kf3 Bd6 60. Rf2 g5 61. Rf1 Qf4+ 62. Ke2 Qg4+ 63. Kd2 Qb4+ 64.
Ke2 Qg4+ 65. Kd2 Qb4+ 66. Ke2 Qg4+ 67. Kd2 Qb4+ 1/2-1/2

[Event "2nd 4NCL Spring Bank Holiday Congress"]
[Site "Basingstoke"]
[Date "2019.05.25"]
[Round "3.5"]
[White "Bhatia, Kanwal K"]
[Black "Kett, Timothy J"]
[Result "1/2-1/2"]
[WhiteElo "2046"]
[BlackElo "2208"]
[PlyCount "114"]
[EventDate "2019.05.24"]

1. e4 e5 2. Nf3 Nc6 3. Bc4 Nf6 4. Ng5 d5 5. exd5 Nd4 6. c3 b5 7. Bf1 Nxd5 8.
cxd4 Qxg5 9. Bxb5+ Kd8 10. O-O Bb7 11. Qf3 exd4 12. d3 Qe5 13. Nd2 Bd6 14. Qh3
Qe6 15. Qh4+ g5 16. Qxd4 Be5 17. Qc4 a6 18. Ba4 Nf4 19. Qxe6 fxe6 20. Ne4 Nxd3
21. Nxg5 Nxc1 22. Nf7+ Ke7 23. Nxe5 Ne2+ 24. Kh1 Rad8 25. Nc6+ Bxc6 26. Bxc6
Rd2 27. b4 Rhd8 28. a3 Rb2 29. g3 Rdd2 30. Rfd1 Nc3 31. Rxd2 Rxd2 32. Bb7 Nd1
33. f3 Nf2+ 34. Kg2 h5 35. Kf1 Nh3 36. f4 Rxh2 37. Rc1 Kd7 38. Rd1+ Ke7 39.
Bxa6 h4 40. Rd3 hxg3 41. Rxg3 Nxf4 42. a4 e5 43. Re3 Kd6 44. Be2 Rh1+ 45. Kf2
Rb1 46. b5 Ra1 47. Kf3 Nxe2 48. Rxe2 Rxa4 49. Rc2 Rb4 50. Rc6+ Kd7 51. Rc5 Kd6
52. Rc6+ Kd5 53. Rxc7 Rxb5 54. Rd7+ Ke6 55. Rd8 Rb3+ 56. Ke4 Rb4+ 57. Ke3 Rb3+
1/2-1/2

[Event "2nd 4NCL Spring Bank Holiday Congress"]
[Site "Basingstoke"]
[Date "2019.05.25"]
[Round "3.6"]
[White "Spence, David J"]
[Black "Brown, Tom"]
[Result "1-0"]
[WhiteElo "2138"]
[BlackElo "2086"]
[PlyCount "97"]
[EventDate "2019.05.24"]

1. e4 g6 2. d4 Bg7 3. Nc3 c6 4. Nf3 d6 5. Be3 Nf6 6. Qd2 b5 7. Bd3 O-O 8. Bh6
Bxh6 9. Qxh6 Ng4 10. Qd2 e5 11. dxe5 Nxe5 12. Nxe5 dxe5 13. h4 Be6 14. h5 Nd7
15. f3 Qe7 16. g4 Rad8 17. Qh2 Nc5 18. Be2 Bc8 19. Nd1 g5 20. O-O f6 21. Ne3
Ne6 22. Rfe1 Rd2 23. Kf1 Qc5 24. Qf2 Nf4 25. Bc4+ Qxc4+ 26. Nxc4 Rxf2+ 27. Kxf2
bxc4 28. Red1 Be6 29. Rd6 Rb8 30. b3 c5 31. Rad1 Rb7 32. Rc6 cxb3 33. axb3 c4
34. bxc4 Kg7 35. Rd8 Bd7 36. Rd6 Ba4 37. Ra6 Bxc2 38. Ra8 Rb2 39. R8xa7+ Kg8
40. Ra8+ Kg7 41. Ra2 Rxa2 42. Rxa2 Bb3 43. Ra7+ Kg8 44. Rc7 Ne6 45. Rc8+ Kg7
46. c5 Kf7 47. c6 Ba4 48. c7 Bd7 49. Rd8 1-0

[Event "2nd 4NCL Spring Bank Holiday Congress"]
[Site "Basingstoke"]
[Date "2019.05.25"]
[Round "3.7"]
[White "Xian, Junhao"]
[Black "Seymour, Timothy P"]
[Result "0-1"]
[WhiteElo "2044"]
[BlackElo "2130"]
[PlyCount "134"]
[EventDate "2019.05.24"]

1. d4 Nf6 2. c4 e6 3. Nf3 d5 4. Bg5 Be7 5. e3 Nbd7 6. Nc3 h6 7. Bf4 dxc4 8.
Bxc4 a6 9. a4 O-O 10. h3 c5 11. O-O cxd4 12. exd4 Nb6 13. Bd3 Nbd5 14. Bh2 b6
15. Rc1 Bb7 16. Ne5 Rc8 17. Bb1 Nxc3 18. Rxc3 Qd5 19. Nf3 Rxc3 20. bxc3 Rc8 21.
Qd3 Qc4 22. Rc1 Ba3 23. Qxc4 Rxc4 24. Bd3 Rxd4 25. Rd1 Rxa4 26. Ra1 Ra5 27. Bc7
Nd5 28. Bd8 Bb2 29. Rb1 Bxc3 30. Bxb6 Ra1 31. Rxa1 Bxa1 32. Bc5 a5 33. Nd2 a4
34. Bb5 Nc3 35. Bd7 Bd5 36. Kf1 Bb2 37. Nb1 Nxb1 38. Bxa4 Nc3 39. Bd7 Bc4+ 40.
Kg1 Ne2+ 41. Kh2 Bd4 42. Bxd4 Nxd4 43. f4 Ne2 44. g3 Bd5 45. Bb5 Nd4 46. Ba6 g5
47. Kg1 Kg7 48. Kf2 Kf6 49. Ke3 Nc2+ 50. Kd2 Nb4 51. Be2 Bg2 52. Bg4 gxf4 53.
gxf4 Nd5 54. Ke2 Nxf4+ 55. Kf2 Bxh3 56. Bxh3 Nxh3+ 57. Kg3 Kf5 58. Kxh3 Kf4 59.
Kh4 e5 60. Kh5 e4 61. Kxh6 e3 62. Kg7 f5 63. Kh7 e2 64. Kg7 e1=Q 65. Kf7 Kg5
66. Kf8 Kg6 67. Kg8 Qe8# 0-1